Problemy narodnochozjajstvennogo planirovanija i političeskaja ekonomija socializma sbornik dokladov s 1 konferencii molodych ekonomistov maj 1979 goda, g. Modra ČSSR

Salvato in:
Dettagli Bibliografici
Natura: Libro
Lingua:russo
Pubblicazione: Bratislava Ekonomický ústav SAV 1980
Serie:Výskumné práce 26
Tags: Aggiungi Tag
Nessun Tag, puoi essere il primo ad aggiungerne!!

MARC

LEADER 00000nam a2200000 4500
001 0221784
005 20240822101658.8
041 0 |a rus 
044 |a SK 
245 1 0 |a Problemy narodnochozjajstvennogo planirovanija i političeskaja ekonomija socializma  |b sbornik dokladov s 1 konferencii molodych ekonomistov maj 1979 goda, g. Modra ČSSR 
264 1 |a Bratislava  |b Ekonomický ústav SAV  |c 1980 
300 |a 120 s. 
490 1 |a Výskumné práce 26 
830 0 |a Výskumné práce 26